Law of court fees and suits valuation / (Record no. 94090)
[ view plain ]
| 000 -LEADER | |
|---|---|
| fixed length control field | 00694nam a22002177a 4500 |
| 005 - DATE AND TIME OF LATEST TRANSACTION | |
| control field | 20180726121101.0 |
| 010 ## - LCCN (DPL NO) | |
| LC control number | ENG-113195 |
| 020 ## - INTERNATIONAL STANDARD BOOK NUMBER | |
| International Standard Book Number | 9789350350232 |
| Terms of availability | 1595.00 |
| 035 ## - SYSTEM CONTROL NUMBER | |
| System control number | EN-96727, B-167926 |
| 037 ## - SOURCE OF ACQUISITION | |
| Source of stock number/acquisition | DBAD/PUB |
| 082 ## - DEWEY DECIMAL CLASSIFICATION NUMBER | |
| Classification number | 347.54077 |
| 100 ## - MAIN ENTRY--PERSONAL NAME | |
| Personal name | Khanna, A.N. |
| 245 ## - TITLE STATEMENT | |
| Title | Law of court fees and suits valuation / |
| Statement of responsibility, etc | by A.N. Khanna ; revised by Shriniwas Gupta |
| 250 ## - EDITION STATEMENT | |
| Edition statement | 8th ed |
| 260 ## - PUBLICATION, DISTRIBUTION, ETC. (IMPRINT) | |
| Place of publication, distribution, etc | Delhi |
| Name of publisher, distributor, etc | Universal Law Publishing |
| Date of publication, distribution, etc | 2011 |
| 270 ## - ADDRESS | |
| Address | C-FF-1A, Diskhush Industrial Estate,G.T. Karnal Road, |
| City | Delhi |
| Postal code | 110033 |
| 300 ## - PHYSICAL DESCRIPTION | |
| Extent | civ,1440p. |
| Dimensions | 25cm(Hb) |
| 500 ## - GENERAL NOTE | |
| General note | Includes index |
| 700 ## - ADDED ENTRY--PERSONAL NAME | |
| Personal name | Gupta, Shriniwas |
| 942 ## - ADDED ENTRY ELEMENTS (KOHA) | |
| Source of classification or shelving scheme | Dewey Decimal Classification |
| Item type | English Books |
| Call number suffix | KHA |
| Classification part | 347.54077 |
| Withdrawn status | Lost status | Not for loan | Collection code | Home library | Current library | Date acquired | Source of acquisition | Cost, normal purchase price | Full call number | Barcode | Copy number | Cost, replacement price | Koha item type |
|---|---|---|---|---|---|---|---|---|---|---|---|---|---|
| Not For Loan | Non-fiction | D.B.Act.Division | D.B.Act.Division | 04/06/2015 | DBAD/PUB | 1595.00 | 347.54077 KHA | EN-96727 | 1 | 1595.00 | English Books | ||
| Non-fiction | Patel Nagar | Patel Nagar | 26/07/2018 | BPPD/Pub | 1150.00 | 347.54077 KHA | B-167926 | 1150.00 | English Books |
